Quizz sur la Littérature. Niveau MOYEN - Statistiques

Statistiques générales
  • Ce quiz a été pris 495 fois
  • Le résultat moyen est 3 sur 10
Statistiques - réponses
Question Réponse % Correct
Quel roman de George Orwell décrit une société dystopique avec une surveillance totale ? 1984
97%
Quel écrivain a abordé le thème de l’aliénation dans "Le Procès" ? Franz Kafka
53%
Qui a écrit "Les Frères Karamazov" ? Fiodor Dostoïevski
50%
Qui a écrit "Moby Dick" ? Herman Melville
38%
Dans quelle œuvre trouve-t-on le personnage de la Comtesse de Rénal ? "Le Rouge et le Noir" de Stendhal
34%
Qui est l’auteur de "Fahrenheit 451" ? Ray Bradbury
32%
Quel roman raconte l'histoire d'un adolescent nommé Holden Caulfield ? "L'attrape-cœurs" de J.D. Salinger
14%
Quel livre de l’auteure Toni Morrison aborde le thème de l’identité et de la race ? "Beloved"
10%
Quel poète a écrit "The Waste Land" ? T.S. Eliot
3%
Quel écrivain anglais a écrit "Le Temps où nous chantions" ? Julien Barnes
0%
Aucun quiz correspondant
Distribution des résultats
% des personnes avec chaque résultat
Percentile par nombre de réponses
Votre historique - résultats
Vous n’avez pas pris ce quiz